000 01001nam a2200313 i 4500
003 EG-GICUC
005 20260504093027.0
008 260504s1997 fr fr|||| 00| 0 fre d
040 _aEG-GiCUC
_bfre
_cEG-GiCUC
_dEG-GiCUC
_eRda
041 0 _afre
082 0 4 _221
_a345.3
_bCO . M
092 0 4 _221
099 _aLaw1 07 345.3 CO . M 1997
100 1 _a Colson, Jean-Philippe
_eAuteur
245 1 0 _a Manuel Droit Public Économique /
_c Jean-Philippe Colson.
250 _a 2e Édition
264 1 _a Paris :
_b L.G.D.J - E.J.A.,
_c 1997.
300 _a467 page ;
_c 24 cm.
336 _2rda contenu
_a texte
337 _2rda medias
_aOrdinateur
338 _2 transporteur rda
_a Ressource en ligne
504 _aComprend des références bibliographiques et un index.
546 _aTexte en français
650 1 _aDroit administratif
_2qrmak
651 1 _2qrmak
856 4 0 _uhttps://fll.law.cu.edu.eg/fulltext/bks/B07-05276.pdf
905 _a167
942 _2ddc
_cBK
_e21
_n0
999 _c75434
_d75434